000 00811nam a22002297a 4500
999 _c7905
_d7905
001 7905
003 BD-JhCC
005 20180215111749.0
008 171016s2000 bg b|||| ||a| 000 0 ben d
020 _a9840739697
035 _a(BD-JhCC)7905
040 _aBD-JhCC
_dBD-JhCC
041 _aben
082 _bDAS 2000
_a363.7394
100 _aদাস, হীরেন্দ্র কুমার
245 _aবাংলাদেশের আর্সেনিক ভয়াবহতা ও সম্ভাব্য প্রতিকার /
_cহীরেন্দ্র কুমার দাস
260 _aঢাকা :
_bবাংলা একাডেমী,
_c2000.
300 _a296 p. :
_c23 cm.
650 _aWater Pollution
_zBangladesh
942 _2ddc
_cBK